Statistiques concernant Focus sur: Hestia Carrow - Harry Potter

Cliquez ici pour prendre le quiz!

Statistiques générales

  • Ce quiz a été pris 34 fois
  • Le résultat moyen est 5 sur 7

Statistiques - réponses

Informations recherchéesRéponses% Correct
Lieu de rencontre avec Harry PotterPoudlard
100%
Ecole fréquentéePoudlard
100%
Statut du sangSang-Pur
100%
Maison fréquentéeSerpentard
100%
Première apparitionHarry Potter et le Prince de Sang-Mêlé
87%
SœurFlora Carrow
23%
Actrice l'interprétant dans les filmsRuby Evans
16%

Distribution des résultats

Percentile par nombre de réponses

% des personnes avec chaque résultat

Votre développement - résultats

Vous n’avez pas pris ce quiz